[Event "Swansea West Wales op"]
[Site "Swansea"]
[Date "2022.11.12"]
[Round "3"]
[White "Tapp, James"]
[Black "Young, Alan J"]
[Result "1-0"]
[WhiteElo "1956"]
[BlackElo "2095"]
[PlyCount "73"]
[EventDate "2022.11.11"]
[EventType "swiss"]
[EventRounds "5"]
[EventCountry "WLS"]
[SourceTitle "EXT 2024"]
[Source "ChessBase"]
[SourceDate "2023.10.10"]
[SourceVersion "1"]
[SourceVersionDate "2023.10.10"]
[SourceQuality "1"]

1. d4 d5 2. Bf4 c5 3. e3 cxd4 4. exd4 Nc6 5. c3 f6 6. Bd3 e5 7. dxe5 fxe5 8. Qh5+ g6 9. Bxg6+ hxg6 10. Qxh8 exf4 11. Qxg8 Qe7+ 12. Kf1 Bf5 13. Nf3 0-0-0 14. Qh8 Bd3+ 15. Kg1 Qe2 16. Nbd2 Bc5 17. Qh4 g5 18. Qg4+ Kb8 19. Rf1 Re8 20. h4 Be3 21. fxe3 fxe3 22. Qxg5 Bh7 23. Kh2 exd2 24. Qxd2 Qc4 25. b3 Qg4 26. Qg5 Qd7 27. Re1 Rg8 28. Ne5 Qc7 29. Qf4 Ka8 30. Rhf1 Ne7 31. Nf7 Qd7 32. Ng5 Ng6 33. Qf7 Qd6+ 34. Kh1 Ne5 35. Rxe5 Qxe5 36. Qxg8+ Bxg8 37. Rf8+ 1-0

[Event "Southend Easter op 64th"]
[Site "Southend"]
[Date "2022.04.16"]
[Round "4"]
[White "Tapp, James"]
[Black "Myall, Ivan J"]
[Result "1-0"]
[WhiteElo "1882"]
[BlackElo "2028"]
[PlyCount "71"]
[EventDate "2022.04.15"]
[EventType "swiss"]
[EventRounds "7"]
[EventCountry "ENG"]
[SourceTitle "CBM 207 Extra"]
[Source "ChessBase"]
[SourceDate "2022.05.31"]
[SourceVersion "1"]
[SourceVersionDate "2022.05.31"]
[SourceQuality "1"]

1. d4 Nf6 2. Nc3 d5 3. Bf4 c5 4. e3 cxd4 5. exd4 Nc6 6. Nb5 Qa5+ 7. c3 e5 8. dxe5 a6 9. exf6 axb5 10. Qxd5 b4 11. Qxa5 Rxa5 12. Bd3 Be6 13. c4 b3 14. a3 Bb4+ 15. Kf1 gxf6 16. Nf3 0-0 17. Ke2 Be7 18. Rac1 Ne5 19. Bxe5 fxe5 20. Nd2 f5 21. Nxb3 Ra4 22. f3 e4 23. fxe4 fxe4 24. Bxe4 Rxc4 25. Nd2 Rd4 26. Ke3 Rfd8 27. Nf3 R4d7 28. Ke2 Bf6 29. Rhd1 Bxb2 30. Rxd7 Rxd7 31. Rb1 Bc4+ 32. Ke3 Bxa3 33. Ne5 Bc5+ 34. Kf3 Rd4 35. Nxc4 Rxc4 36. Bd5+ 1-0